INDUSTRIAL ENGINEERING AND MANAGEMENT (Record no. 5421)

MARC details
000 -LEADER
fixed length control field 00358nam a22001457a 4500
005 - DATE AND TIME OF LATEST TRANSACTION
control field 20170406100127.0
008 - FIXED-LENGTH DATA ELEMENTS--GENERAL INFORMATION
fixed length control field 170406b xxu||||| |||| 00| 0 eng d
020 ## - INTERNATIONAL STANDARD BOOK NUMBER
ISBN 978-81-203-5113-3
041 ## - LANGUAGE CODE
Language code of text/sound track or separate title eng
100 ## - MAIN ENTRY--AUTHOR NAME
Personal name RAVI, V
245 ## - TITLE STATEMENT
Title INDUSTRIAL ENGINEERING AND MANAGEMENT
260 ## - PUBLICATION, DISTRIBUTION, ETC. (IMPRINT)
Place of publication DELHI
Name of publisher PHI LEARNING PVT
Year of publication 2015
300 ## - PHYSICAL DESCRIPTION
Number of Pages 430
942 ## - ADDED ENTRY ELEMENTS (KOHA)
Koha item type Books
Holdings
Lost status Damaged status Home library Current library Shelving location Date acquired Source of acquisition Cost, normal purchase price Accession Number Koha item type Collection code Full call number
    JRU Library   SHELF-43-I 06/04/2017 PURCHESS 450.00 21699 Books    
    JRU Library   SHELF-43-I 06/04/2017 PURCHESS 450.00 21700 Books    
    JRU Library JRU Library SHELF-42-E 06/04/2017 PURCHESS 450.00 21701 Books MANAGEMENT 670